书目信息 |
| 题名: |
不让须眉的女杰
|
|
| 作者: | 李长林 , 李一兵 著 | |
| 分册: | ||
| 出版信息: | 长春 吉林文史出版社 2001 |
|
| 页数: | 188页 | |
| 开本: | 20cm | |
| 丛书名: | ||
| 单 册: | ||
| 中图分类: | K818.5 | |
| 科图分类: | ||
| 主题词: | 传记 , 妇人--名人--列传--世界 | |
| 电子资源: | ||
| ISBN: | 7-80626-630-5 | |
| 000 | 00810nam0 2200265 45 | |
| 001 | 0501071803 | |
| 005 | 20091016092134.86 | |
| 010 | @a7-80626-630-5@dCNY8.80 | |
| 100 | @a20050107d2001 km y0chiy0120 ea | |
| 101 | 0 | @achi |
| 102 | @aCN@b220000 | |
| 105 | @ay z 000yc | |
| 200 | 1 | @a不让须眉的女杰@ABu Rang Xu Mei De Nu Jie@f李长林,李一兵等著 |
| 210 | @a长春@c吉林文史出版社@d2001 | |
| 215 | @a188页@d20cm | |
| 300 | @a世界历史人物传记 | |
| 330 | @a本书选取了历史上影响较大的女性杰出人物的业绩,加以评述,如贞德、克拉拉·蔡特金、斯托夫人、居里夫人等。 | |
| 606 | 0 | @a传记 |
| 606 | 0 | @a妇人@x名人@x列传@y世界 |
| 690 | @aK818.5@v4 | |
| 701 | 0 | @a李长林@ALi Chang Lin@4著 |
| 701 | 0 | @a李一兵@ALi Yi Bing@4著 |
| 801 | @aCN@bAHTY@c20091016 | |
| 905 | @aBZT@dK818.5@e1 | |
| 906 | @dCNY8.80@n0@r1 | |
| 不让须眉的女杰/李长林,李一兵等著.-长春:吉林文史出版社,2001 |
| 188页;20cm |
| 世界历史人物传记 |
| ISBN 7-80626-630-5:CNY8.80 |
| 本书选取了历史上影响较大的女性杰出人物的业绩,加以评述,如贞德、克拉拉·蔡特金、斯托夫人、居里夫人等。 |
| ● |
| 相关链接 |
|
|
|
正题名:不让须眉的女杰
索取号:K818.5/1
 
预约/预借
| 序号 | 登录号 | 条形码 | 馆藏地/架位号 | 状态 | 备注 |
| 1 | 387730 | 210181328 | 中心书库南/019架B面2层1列/ [索取号:K818.5/1] | 在馆 | |
| 2 | 387731 | 210181319 | 中心书库南/019架B面2层1列/ [索取号:K818.5/1] | 在馆 | |
| 3 | 387732 | 210181300 | 中心书库南/019架B面2层1列/ [索取号:K818.5/1] | 在馆 | |
| 4 | 387733 | 210181284 | 中心书库南/019架B面2层1列/ [索取号:K818.5/1] | 在馆 | |
| 5 | 387734 | 210181293 | 中心书库南/019架B面2层1列/ [索取号:K818.5/1] | 在馆 | |
| 6 | 387735 | 210181275 | 中心书库南/019架B面2层1列/ [索取号:K818.5/1] | 在馆 | |
| 7 | 387736 | 210181266 | 中心书库南/019架B面2层1列/ [索取号:K818.5/1] | 在馆 | |
| 8 | 387737 | 210181257 | 中心书库南/019架B面2层1列/ [索取号:K818.5/1] | 在馆 | |
| 9 | 387738 | 210181248 | 中心书库南/019架B面2层1列/ [索取号:K818.5/1] | 在馆 | |
| 10 | 387739 | 210181239 | 中心书库南/019架B面2层1列/ [索取号:K818.5/1] | 在馆 |